[Event "TCh-CAT Gp1 2017"]
[Site "masterchessopen.com Barcelona ESP"]
[Date "2017.01.28"]
[Round "2.8"]
[White "Travesset Ribera,J"]
[Black "Domenech Plana,J"]
[Result "1-0"]
[WhiteElo "2165"]
[BlackElo "2074"]

1. d4 d5 2. Nf3 Nf6 3. c3 Nbd7 4. Bf4 e6 5. e3 Ne4 6. h3 h6 7. Nbd2 Bd6 8.
Nxe4 dxe4 9. Bxd6 cxd6 10. Nd2 f5 11. Qh5+ Kf8 12. O-O-O Nf6 13. Qg6 a6 14. f3
Qe8 15. Qg3 d5 16. fxe4 Nxe4 17. Nxe4 dxe4 18. Bc4 Kg8 19. Qe5 Kh7 20. g4 b5
21. Bb3 Ra7 22. Rhg1 g6 23. Rd2 Rf8 24. Rdg2 Rg7 25. Kb1 Bd7 26. c4 Qb8 27.
Qxb8 Rxb8 28. c5 Rc8 29. Rc1 g5 30. gxf5 exf5 31. Bd5 Rg6 32. Rgc2 Be6 33.
Bxe6 Rxe6 34. d5 Re5 35. Rd1 {#r} 1-0

[Event "22nd HIT Open 2017"]
[Site "masterchessopen.com Nova Gorica SLO"]
[Date "2017.01.30"]
[Round "6.13"]
[White "Medancic,R"]
[Black "Marn,Jan"]
[Result "1-0"]
[WhiteElo "2264"]
[BlackElo "2022"]

1. d4 d5 2. Nf3 Nf6 3. Bg5 e6 4. e3 Be7 5. Nbd2 O-O 6. Ne5 b6 7. Bd3 Bb7 8.
O-O Ne4 9. Bxe7 Qxe7 10. f4 f6 11. Nef3 Nd7 12. c4 c5 13. Rc1 Rac8 14. Bb1 f5
15. dxc5 Qxc5 16. Nd4 Rf6 17. Nxe4 dxe4 18. Qa4 Qc7 19. b4 e5 20. fxe5 Nxe5
21. c5 Ng4 22. g3 Nxe3 23. Qb3+ Nd5 24. c6 Rd8 25. cxb7 Qxb7 26. Rxf5 e3 27.
Be4 Rxf5 28. Nxf5 Kh8 29. Bxd5 Rxd5 30. Qxd5 {#r} 1-0

[Event "PRO League Atlantic 2017"]
[Site "masterchessopen.com chess.com INT"]
[Date "2017.02.01"]
[Round "4"]
[White "Sambuev,B"]
[Black "Katz,Alexander R"]
[Result "1-0"]
[WhiteElo "2539"]
[BlackElo "2335"]

1. d4 Nf6 2. Nf3 e6 3. e3 d5 4. Bd3 Bd6 5. b3 O-O 6. O-O c5 7. Bb2 Nc6 8. a3
b6 9. Nbd2 Bb7 10. Qe2 Qe7 11. Ne5 Nd7 12. f4 f6 13. Qh5 g6 14. Nxg6 hxg6 15.
Bxg6 Rf7 16. Rf3 Rg7 17. Rh3 Kf8 18. dxc5 bxc5 19. Rf1 Ba6 20. c4 dxc4 21.
bxc4 Rb8 22. Bc3 e5 23. Be4 Nd8 24. Bd5 Nf7 25. Ne4 exf4 26. exf4 Bxc4 27. Re1
Bxd5 28. Qxd5 Bxf4 29. Nxf6 Nxf6 30. Qf5 Qb7 31. g3 Qf3 32. Rh8+ Ng8 33. Bxg7+
Kxg7 34. Rh7+ {#r} 1-0

[Event "37th TCh-IND 2017"]
[Site "masterchessopen.com Bhopal IND"]
[Date "2017.02.05"]
[Round "6.3"]
[White "Laxman,R"]
[Black "Sekar,B"]
[Result "0-1"]
[WhiteElo "2409"]
[BlackElo "2214"]

1. Nf3 Nf6 2. b3 e6 3. Bb2 d5 4. e3 c5 5. d4 Nc6 6. Nbd2 Bd6 7. Bd3 O-O 8. O-O
b6 9. dxc5 bxc5 10. e4 d4 11. Bb5 Ne5 12. Nxe5 Bxe5 13. Bd3 Bb7 14. f4 Bc7 15.
Qe2 Rc8 16. Nc4 Nd7 17. a4 Nb8 18. Ba3 Qe7 19. Qh5 Nd7 20. Rae1 Ba6 21. e5 g6
22. Qg4 Bxc4 23. bxc4 Rfe8 24. Bc1 Rb8 25. Bd2 Qd8 26. Re2 Ba5 27. Bc1 Bc3 28.
Qg3 Rb1 29. f5 exf5 30. Bxf5 d3 31. Bxd3 Bxe5 32. Qh3 Bd4+ 33. Kh1 Rxe2 34.
Bxe2 Qe7 35. Qf3 Bb2 36. Bh6 Rxf1+ 37. Bxf1 Bg7 38. Bf4 h5 39. h3 Qe1 40. g3
Be5 41. Kg2 Bxf4 42. gxf4 Qd2+ 43. Kg3 h4+ 44. Kxh4 Qe1+ 45. Kg5 Kg7 46. Qd3
Nf6 47. Bg2 Qf2 48. Qf3 Ne4+ {#R} 0-1

[Event "13th Moscow Open A 2017"]
[Site "masterchessopen.com Moscow RUS"]
[Date "2017.02.03"]
[Round "7.3"]
[White "Golubov,Saveliy"]
[Black "Predke,A"]
[Result "1-0"]
[WhiteElo "2487"]
[BlackElo "2573"]

1. d4 d5 2. c4 c6 3. cxd5 cxd5 4. Bg5 h6 5. Bh4 Qb6 6. Nc3 e6 7. Qd2 Ne7 8. f3
Nbc6 9. Rd1 Nf5 10. Bf2 Nfxd4 11. e4 Bc5 12. Na4 Nc2+ 13. Qxc2 Bxf2+ 14. Qxf2
Qa5+ 15. Nc3 d4 16. Rxd4 Nxd4 17. Qxd4 O-O 18. Nge2 Rd8 19. Qf2 Bd7 20. Nc1 b5
21. a3 Rab8 22. Nb3 Qc7 23. Qc5 Qb7 24. Be2 Rdc8 25. Qb4 Qb6 26. Kd2 a6 27.
Rd1 Qf2 28. Qd4 Qxg2 29. Rg1 e5 30. Rxg2 exd4 31. Nd5 Kf8 32. Nxd4 Be6 33. f4
Bxd5 34. exd5 b4 35. Nc6 bxa3 36. Nxb8 axb2 37. Nd7+ Ke7 38. Rg1 a5 39. Rb1
{#r} 1-0

[Event "Turkish Cup 2017"]
[Site "masterchessopen.com Antalya TUR"]
[Date "2017.02.01"]
[Round "7.2"]
[White "Koksal,E"]
[Black "Soysal,Serkan"]
[Result "0-1"]
[WhiteElo "2344"]
[BlackElo "2336"]

1. d4 d5 2. c4 c6 3. Nc3 Nf6 4. cxd5 cxd5 5. Nf3 Nc6 6. Bf4 a6 7. e3 Bf5 8.
Ne5 e6 9. g4 Bg6 10. h4 Qb6 11. Be2 Qxb2 12. Na4 Bb4+ 13. Kf1 Qd2 14. Qxd2
Bxd2 15. Nb6 Ra7 16. Rd1 Nxe5 17. dxe5 Ne4 18. h5 Ba5 19. Na4 b5 20. hxg6 bxa4
21. gxh7 g5 22. f3 Nd2+ 23. Rxd2 Bxd2 24. Bxg5 f6 25. exf6 Raxh7 26. Rxh7 Rxh7
27. Bd3 Rh1+ 28. Kg2 Ra1 29. a3 Kf7 30. Kf2 Rxa3 31. Ke2 Bc3 32. Bh4 Bxf6 33.
g5 Ra2+ 34. Kd1 Rh2 35. Bg3 Rh1+ {#R} 0-1

[Event "PRO League Pacific 2017"]
[Site "masterchessopen.com chess.com INT"]
[Date "2017.02.01"]
[Round "4"]
[White "Wahl,Jackson B"]
[Black "Holt,C"]
[Result "0-1"]
[WhiteElo "2147"]
[BlackElo "2567"]

1. d4 d5 2. c4 c6 3. Nc3 Nf6 4. cxd5 cxd5 5. Bf4 Nc6 6. e3 Bg4 7. Be2 Bxe2 8.
Ngxe2 e6 9. O-O Be7 10. Rc1 O-O 11. a3 Na5 12. b4 Nc4 13. Qa4 a5 14. bxa5 Rxa5
15. Qb3 Nd2 16. Qxb7 Nxf1 17. Rxf1 Rxa3 18. Nb5 Rb3 19. Qc6 Qe8 20. Qxe8 Rxe8
21. Nbc3 Rc8 22. Na4 Rc2 23. Ng3 Nd7 24. Ra1 Ra3 25. Rxa3 Bxa3 26. h4 e5 27.
Bxe5 Rc4 {#R} 0-1

[Event "TCh-HUN 2016-17"]
[Site "masterchessopen.com Hungary HUN"]
[Date "2017.01.29"]
[Round "5.7"]
[White "Korpa,B"]
[Black "Szabo,Krisz1"]
[Result "1-0"]
[WhiteElo "2474"]
[BlackElo "2510"]

1. d4 d5 2. c4 c6 3. cxd5 cxd5 4. Nc3 Nf6 5. Bf4 Nc6 6. e3 a6 7. Be2 Bf5 8.
Nf3 e6 9. Qb3 Ra7 10. O-O Be7 11. Rfc1 O-O 12. Na4 Nd7 13. a3 Bg6 14. Qd1 f6
15. Bg3 Ra8 16. b4 Rc8 17. Qb3 b5 18. Nc5 Nxc5 19. dxc5 e5 20. a4 Rb8 21. axb5
axb5 22. Nd4 exd4 23. Bxb8 Nxb8 24. Bxb5 dxe3 25. fxe3 Be4 26. Bd3 Kh8 27.
Bxe4 dxe4 28. c6 Bd6 29. Ra7 Bc7 30. Rd1 Qe7 31. b5 Nxc6 32. bxc6 Bxh2+ 33.
Kxh2 Qxa7 34. Rd7 Qc5 35. c7 h6 36. Qd5 Qc3 37. Qd6 Kh7 38. Qxf8 Qe5+ 39. g3
Qh5+ 40. Kg1 {#r} 1-0

[Event "TCh-CAT Gp2 2017"]
[Site "masterchessopen.com Barcelona ESP"]
[Date "2017.01.28"]
[Round "2.10"]
[White "Pozanco Romasanta,M"]
[Black "Arus Blanch,D"]
[Result "1-0"]
[WhiteElo "2065"]
[BlackElo "2056"]

1. d4 d5 2. c4 c6 3. cxd5 cxd5 4. Nc3 e6 5. Bf4 Bd6 6. Bxd6 Qxd6 7. e3 Nf6 8.
f4 O-O 9. Nf3 Bd7 10. Bd3 Nc6 11. Rc1 Rac8 12. O-O Ne7 13. Ne5 Ng6 14. Rf3 Rc7
15. Rh3 Rfc8 16. Rc2 Be8 17. Rf2 Nf8 18. Qf3 Ne4 19. Bxe4 dxe4 20. Nxe4 Rc1+
21. Rf1 Qa6 22. Nc3 Rc2 23. f5 f6 24. fxe6 Qxe6 25. Rg3 Rxb2 26. Nd5 Bg6 27.
Nf4 Qxa2 28. Nexg6 Nxg6 29. Qg4 Rf8 30. h4 Qf7 31. Nd3 Rb5 32. e4 Ne7 33. Ne5
h5 34. Qd7 Qe8 35. Qe6+ Kh7 36. Nd7 Rf7 37. d5 Qg8 38. Nxf6+ Rxf6 39. Rxf6 Rb6
40. Rh6+ {#r} 1-0

[Event "TCh-CAT Gp2 2017"]
[Site "masterchessopen.com Barcelona ESP"]
[Date "2017.01.28"]
[Round "2.5"]
[White "Ortega Serra,M"]
[Black "Castillo Fernandez,Carles"]
[Result "1-0"]
[WhiteElo "2202"]
[BlackElo "2114"]

1. d4 d5 2. c4 c6 3. Nc3 Nf6 4. cxd5 cxd5 5. Bf4 Nc6 6. e3 Bg4 7. f3 Bd7 8.
Bd3 e6 9. g4 a6 10. Nge2 Rc8 11. h4 Be7 12. Kf2 Na5 13. b3 b5 14. a4 b4 15.
Nb1 Qb6 16. h5 h6 17. Nd2 Nc6 18. Qg1 Nh7 19. Qg3 Ng5 20. Rac1 O-O 21. Rc2 Na7
22. Bc7 Qb7 23. Rhc1 Rfe8 24. Bd6 Rxc2 25. Rxc2 Bd8 26. Qg2 Nc8 27. Bh2 a5 28.
f4 Nh7 29. g5 hxg5 30. Bxh7+ Kxh7 31. fxg5 Ne7 32. Be5 Rf8 33. Nf4 f6 34. g6+
Kg8 35. Bd6 Re8 36. h6 gxh6 37. e4 dxe4 38. Nxe4 Nd5 39. Qh2 Nxf4 40. Qxf4 Qd5
41. Qxh6 Qxd4+ 42. Kf1 Qd3+ 43. Re2 Qb1+ 44. Kg2 {#r} 1-0

[Event "Gibraltar Masters 2017"]
[Site "masterchessopen.com Caleta ENG"]
[Date "2017.01.30"]
[Round "7.47"]
[White "Kobo,Ori"]
[Black "Tate,A"]
[Result "1-0"]
[WhiteElo "2482"]
[BlackElo "2309"]

1. d4 d5 2. c4 c6 3. Nf3 Nf6 4. e3 Bg4 5. Nc3 e6 6. h3 Bh5 7. Qb3 Qb6 8. Ne5
Nbd7 9. g4 Bg6 10. Nxg6 hxg6 11. Bg2 g5 12. Bd2 Be7 13. Rc1 Qxb3 14. axb3 Rd8
15. Ke2 Nf8 16. Rhd1 Ng6 17. f3 Bd6 18. Kf2 O-O 19. Bf1 e5 20. cxd5 Nxd5 21.
Nxd5 cxd5 22. Ba5 exd4 23. Rxd4 b6 24. Bc3 Rfe8 25. b4 Be5 26. Rd2 Rd6 27.
Bxe5 Rxe5 28. Rc8+ Nf8 29. Ra8 Rd7 30. Rc2 f5 31. Rcc8 Rf7 32. Bd3 g6 33. gxf5
gxf5 34. f4 gxf4 35. exf4 Ree7 36. h4 Rc7 37. Rd8 Rcd7 38. Rxd7 Rxd7 39. Bxf5
Re7 40. h5 {#r} 1-0

[Event "Portugal Open 2017"]
[Site "masterchessopen.com Lisbon POR"]
[Date "2017.02.04"]
[Round "2.9"]
[White "Indjic,A"]
[Black "Stahl,C"]
[Result "1-0"]
[WhiteElo "2560"]
[BlackElo "2167"]

1. d4 d5 2. c4 c6 3. Nf3 Nf6 4. Qc2 e6 5. Nbd2 Nbd7 6. e3 Bd6 7. Bd3 O-O 8.
O-O Qe7 9. e4 dxe4 10. Nxe4 Nxe4 11. Bxe4 h6 12. Re1 Qf6 13. b3 e5 14. Bb2
exd4 15. Bxd4 Qd8 16. Rad1 Qc7 17. c5 Bf4 18. g3 Bg5 19. Nxg5 hxg5 20. Bh7+
Kh8 21. Re7 Qa5 22. Bxg7+ Kxg7 23. Qg6+ Kh8 24. Qh6 {#r} 1-0

[Event "Mayors Cup Yerevan KO"]
[Site "masterchessopen.com Yerevan ARM"]
[Date "2017.01.31"]
[Round "3.4"]
[White "Hakobyan,Aram"]
[Black "Andriasian,Z"]
[Result "0-1"]
[WhiteElo "2422"]
[BlackElo "2621"]

1. d4 Nf6 2. Nf3 d5 3. c4 c6 4. e3 Bg4 5. h3 Bxf3 6. Qxf3 e6 7. Nc3 Nbd7 8.
Qd1 Bd6 9. Be2 O-O 10. O-O dxc4 11. Bxc4 e5 12. Bb3 Qe7 13. Qc2 Rad8 14. Bd2
Nb6 15. Rfe1 Rfe8 16. Rad1 e4 17. Rc1 Nbd5 18. Ne2 h5 19. Nc3 Nb4 20. Qb1 Nd3
21. Nxe4 Nxe1 22. Nxf6+ Qxf6 23. Rxe1 c5 24. d5 b5 25. e4 c4 26. Bc2 h4 27.
Qc1 Be5 28. Bg5 Qd6 29. Bxd8 Rxd8 30. Qg5 Qf6 31. Qg4 Bxb2 32. f4 Qc3 33. Re2
b4 34. e5 b3 35. axb3 cxb3 36. Be4 Qc1+ 37. Kh2 Bd4 {#R} 0-1

[Event "TCh-HUN 2016-17"]
[Site "masterchessopen.com Hungary HUN"]
[Date "2017.01.29"]
[Round "5.5"]
[White "Kovacevic,Bl"]
[Black "Grunberg,M"]
[Result "1-0"]
[WhiteElo "2478"]
[BlackElo "2397"]

1. d4 Nf6 2. Nf3 d5 3. c4 c6 4. Qc2 g6 5. cxd5 cxd5 6. Nc3 Nc6 7. Bf4 Bg7 8.
e3 O-O 9. Be2 Bf5 10. Qb3 Na5 11. Qb4 Nh5 12. Bg5 f6 13. Bh4 g5 14. Bg3 Nxg3
15. hxg3 e6 16. Rc1 Rf7 17. g4 Bg6 18. O-O Bf8 19. Qa4 Qb6 20. Qb5 Rc7 21.
Nxd5 Qxb5 22. Nxf6+ Kh8 23. Bxb5 Rac8 24. Rxc7 Rxc7 25. Ne5 Rc2 26. Nxg6+ hxg6
27. Rb1 a6 28. Bd3 Rd2 29. Bf1 Be7 30. Ne4 Rc2 31. Bd3 Rc7 32. Kf1 Kg7 33. Ke1
Bd8 34. Kd1 Nc6 35. Rc1 {#r} 1-0

[Event "Dutch League 2016-17"]
[Site "masterchessopen.com Netherlands NED"]
[Date "2017.02.04"]
[Round "6.2"]
[White "Maatman,Nick"]
[Black "Lahaye,R"]
[Result "1-0"]
[WhiteElo "2325"]
[BlackElo "2363"]

1. d4 d5 2. c4 c6 3. Nf3 Nf6 4. Nbd2 g6 5. e3 Bg7 6. Be2 O-O 7. O-O Nbd7 8. b3
a5 9. Bb2 a4 10. Rc1 Re8 11. h3 dxc4 12. bxc4 c5 13. Ba1 e6 14. Nb1 cxd4 15.
exd4 Ne4 16. Qc2 Nd6 17. Nc3 Nf5 18. Rfd1 Nb6 19. Rb1 a3 20. g4 Ne7 21. Qd2
Nc6 22. Nb5 Ra4 23. Qc2 Ra8 24. Rb3 Bf8 25. Ne5 Na5 26. Rf3 f6 27. Nxg6 hxg6
28. Qxg6+ Bg7 29. d5 e5 30. c5 Nd7 31. Nd6 Re7 32. Nf5 Nf8 33. Nxe7+ Qxe7 34.
Qc2 b6 35. cxb6 Qb4 36. Rb1 Qd6 37. Bc3 Qxd5 38. Bxa5 Ne6 39. Rd3 Qxa5 40. b7
Bxb7 41. Rxb7 Nc5 42. Rdb3 Nxb7 43. Rxb7 e4 44. Qxe4 f5 45. Qe7 Qe1+ 46. Kg2
Qc3 47. Bc4+ {#r} 1-0

[Event "13th Moscow Open A 2017"]
[Site "masterchessopen.com Moscow RUS"]
[Date "2017.02.01"]
[Round "5.11"]
[White "Alekseev,Evgeny"]
[Black "Sychev,K"]
[Result "0-1"]
[WhiteElo "2632"]
[BlackElo "2449"]

1. Nf3 d5 2. d4 Nf6 3. c4 c6 4. e3 Bf5 5. Nc3 e6 6. Nh4 Be4 7. f3 Bg6 8. Qb3
Qc7 9. Bd2 Be7 10. g3 a6 11. Rc1 dxc4 12. Bxc4 c5 13. dxc5 Nc6 14. Na4 Rd8 15.
Be2 Nh5 16. Qb6 Qd7 17. Bc3 Bxh4 18. gxh4 Qe7 19. O-O O-O 20. Be1 Bd3 21. Bxd3
Rxd3 22. Rc3 Rfd8 23. Qb3 Rd1 24. Qc4 Ne5 25. Qe4 f5 26. Qxe5 R1d5 27. Qxd5
exd5 28. Bf2 f4 29. Nb6 Qf7 30. Rd1 fxe3 31. Rxe3 d4 32. Kf1 Qf5 {#R} 0-1

[Event "25th Fajr Open 2017"]
[Site "masterchessopen.com Sareyn IRI"]
[Date "2017.02.02"]
[Round "8.4"]
[White "Maghsoodloo,Parham"]
[Black "Mirzoev,A"]
[Result "1-0"]
[WhiteElo "2584"]
[BlackElo "2537"]

1. d4 d5 2. Nf3 Nf6 3. c4 c6 4. e3 Bf5 5. Nc3 e6 6. Nh4 Be4 7. f3 Bg6 8. Qb3
Qc7 9. Bd2 Nbd7 10. O-O-O Be7 11. Nxg6 hxg6 12. Kb1 dxc4 13. Bxc4 b5 14. Bd3
Rxh2 15. g4 a6 16. Qc2 Rxh1 17. Rxh1 Nf8 18. Ne4 Rc8 19. Rc1 N8d7 20. Nxf6+
Nxf6 21. a4 Qb6 22. g5 Nd5 23. e4 Nb4 24. Bxb4 Bxb4 25. d5 c5 26. dxe6 fxe6
27. e5 c4 28. Bxg6+ Ke7 29. Bh5 Qd8 30. Qg6 Qg8 31. Bg4 Rc7 32. Rh1 c3 33.
bxc3 Bxc3 34. f4 bxa4 35. Ka2 Qf7 36. Qd3 Bb4 37. Rh8 Rd7 38. Qe4 Bd2 39. Bh5
{#r} 1-0

[Event "PRO League Atlantic 2017"]
[Site "masterchessopen.com chess.com INT"]
[Date "2017.02.01"]
[Round "4"]
[White "Szabo,G ROM"]
[Black "Stripunsky,A"]
[Result "1-0"]
[WhiteElo "2549"]
[BlackElo "2536"]

1. d4 d5 2. c4 c6 3. Nf3 Nf6 4. e3 Bf5 5. Nc3 e6 6. Nh4 Be4 7. f3 Bg6 8. Qb3
Qc7 9. Bd2 Be7 10. g3 a6 11. Rc1 dxc4 12. Bxc4 b5 13. Be2 Nbd7 14. Nxg6 hxg6
15. Kf2 O-O 16. a4 Qb7 17. Rhd1 Rfd8 18. Be1 Rab8 19. Kg1 Nb6 20. axb5 axb5
21. Bf2 Nbd5 22. e4 Nb6 23. Rc2 Rdc8 24. Rdc1 Ra8 25. Kg2 Nfd7 26. d5 exd5 27.
exd5 b4 28. dxc6 Rxc6 29. Nd5 Nxd5 30. Rxc6 N7f6 31. Qc4 Bf8 32. Rc8 Nb6 33.
Bxb6 Rxc8 34. Qxc8 Qxb6 35. Rd1 Qe3 36. Bf1 Qe5 37. Rd2 g5 38. Bc4 g4 39. Qa8
Qc5 40. b3 Qe3 41. Re2 Qd4 42. Qb7 Bc5 43. fxg4 Qxg4 44. Qxf7+ Kh7 45. Qe6 Qd4
46. Qf5+ {#r} 1-0

[Event "Gibraltar Masters 2017"]
[Site "masterchessopen.com Caleta ENG"]
[Date "2017.02.01"]
[Round "9.79"]
[White "Chan,Kim Yew"]
[Black "Tate,A"]
[Result "1-0"]
[WhiteElo "2152"]
[BlackElo "2309"]

1. d4 d5 2. Nf3 Nf6 3. c4 c6 4. cxd5 cxd5 5. Nc3 Nc6 6. Bf4 Bf5 7. e3 e6 8.
Qb3 Bb4 9. Bb5 O-O 10. Bxc6 Bxc3+ 11. Qxc3 Ne4 12. Qa3 bxc6 13. O-O g5 14. Bg3
f6 15. Rac1 Qd7 16. Rfd1 a5 17. Ne1 Nxg3 18. hxg3 Rfb8 19. Nd3 Bxd3 20. Rxd3
Rb5 21. Rdc3 Ra6 22. Rc5 Rxc5 23. Rxc5 Qa7 24. Qc3 Qb6 25. b3 Qb4 26. Rxc6
Rxc6 27. Qxc6 Qe1+ 28. Kh2 Qxf2 29. Qxe6+ Kg7 30. Qd7+ Kg6 31. Qxd5 Qxe3 32.
Qg8+ Kh6 33. d5 f5 34. Qf8+ Kg6 35. d6 Qe6 36. Qd8 Kh5 37. d7 Kg4 38. Qc7 f4
39. d8=Q {#r} 1-0

[Event "Gibraltar Masters 2017"]
[Site "masterchessopen.com Caleta ENG"]
[Date "2017.01.31"]
[Round "8.92"]
[White "Pinho,P"]
[Black "Kozarcanin,S"]
[Result "1-0"]
[WhiteElo "2220"]
[BlackElo "2069"]

1. d4 d5 2. Nf3 Nf6 3. c4 c6 4. Nc3 a6 5. g3 g6 6. Bg2 dxc4 7. O-O b5 8. Ne5
Bb7 9. b3 Nfd7 10. Nxd7 Nxd7 11. bxc4 Qc8 12. Bf4 Bg7 13. cxb5 cxb5 14. Nxb5
Bxg2 15. Nc7+ Kf8 16. Kxg2 Qb7+ 17. f3 Rd8 18. Rb1 Qa7 19. d5 g5 20. Bxg5 Be5
21. Bh6+ Kg8 22. Ne6 fxe6 23. dxe6 Bd6 24. Qd2 Qc5 25. exd7 Kf7 26. Rb7 Rhg8
27. Qd3 Rg6 28. Rc1 Qe5 29. Bf4 Qg7 30. Qd5+ Re6 31. Rc4 Kf6 32. e4 {#r} 1-0

[Event "Portugal Open 2017"]
[Site "masterchessopen.com Lisbon POR"]
[Date "2017.02.05"]
[Round "4.7"]
[White "Santos,AntonioP"]
[Black "Burmakin,V"]
[Result "0-1"]
[WhiteElo "2248"]
[BlackElo "2527"]

1. d4 Nf6 2. c4 c6 3. Nc3 d5 4. Nf3 a6 5. c5 g6 6. Bf4 Nh5 7. Bd2 Bg7 8. Rc1
O-O 9. e3 Nd7 10. Be2 Nhf6 11. O-O Re8 12. Na4 Ne4 13. Be1 e5 14. dxe5 Nxe5
15. Nxe5 Bxe5 16. f3 Nf6 17. Bc3 Qe7 18. Re1 Bxc3 19. Rxc3 Be6 20. Bf1 Rad8
21. Qd4 Nh5 22. Rcc1 Ng7 23. b4 Qg5 24. Qd2 d4 25. f4 dxe3 26. Qxe3 Qf6 27.
Qf2 Rd4 28. g3 Rxb4 29. Nc3 Bf5 30. a3 Rxe1 31. Rxe1 Rb3 32. Ne4 Bxe4 33. Rxe4
Ne6 34. Re5 Rxa3 35. Qb2 Re3 36. Qxb7 Rxe5 37. Qb8+ Kg7 38. fxe5 Qf3 39. Bxa6
Qe3+ 40. Kg2 Qxc5 41. Qb2 Qd5+ 42. Kg1 c5 43. Bb7 Qd3 44. Kg2 c4 45. Qf2 c3
46. Qf6+ Kg8 47. Bc8 Qd8 {#R} 0-1

[Event "37th TCh-IND 2017"]
[Site "masterchessopen.com Bhopal IND"]
[Date "2017.02.03"]
[Round "3.2"]
[White "Manigandan,S"]
[Black "Himanshu,Sh"]
[Result "0-1"]
[WhiteElo "2080"]
[BlackElo "2484"]

1. d4 Nf6 2. c4 c6 3. Nf3 d5 4. Nc3 a6 5. Ne5 b5 6. cxd5 cxd5 7. Bf4 e6 8. e3
Nbd7 9. Bd3 Bb7 10. O-O Be7 11. h3 O-O 12. Qb3 Nxe5 13. Bxe5 Nd7 14. Bh2 Qa5
15. Rfc1 Rfc8 16. a3 g6 17. Na2 Qd8 18. Rxc8 Rxc8 19. Rc1 Nb6 20. Rxc8 Qxc8
21. Qc3 Nc4 22. Qc2 a5 23. Nc3 Bc6 24. Nb1 Qb7 25. Qc1 a4 26. Nd2 Na5 27. Be5
f6 28. Bf4 Kf7 29. h4 b4 30. axb4 Bxb4 31. h5 g5 32. Bg3 Kg7 33. Qc2 Be8 34.
Be2 Qc6 35. Qxc6 Bxc6 36. Nb1 Nc4 37. Bxc4 dxc4 38. f3 Be8 39. Kf1 c3 40. bxc3
a3 41. Nxa3 Bxa3 42. c4 Bxh5 43. Ke2 Bg6 44. c5 Kf8 {#R} 0-1

[Event "Gibraltar Masters 2017"]
[Site "masterchessopen.com Caleta ENG"]
[Date "2017.01.31"]
[Round "8.41"]
[White "Gunina,V"]
[Black "Gara,T"]
[Result "1-0"]
[WhiteElo "2524"]
[BlackElo "2378"]

1. d4 d5 2. c4 dxc4 3. e3 e5 4. Bxc4 exd4 5. exd4 Nf6 6. Nf3 Bd6 7. Qe2+ Qe7
8. Qxe7+ Bxe7 9. O-O O-O 10. Nc3 Nbd7 11. Re1 Bd6 12. Bg5 h6 13. Bh4 c6 14.
Bb3 b6 15. Ne5 Bb7 16. Nxd7 Nxd7 17. Be7 Bxe7 18. Rxe7 Rad8 19. Ne4 Ba6 20.
Nd6 Nf6 21. Nxf7 Rxd4 22. Nd8+ Kh8 23. Ne6 {#r} 1-0

[Event "PRO League Atlantic 2017"]
[Site "masterchessopen.com chess.com INT"]
[Date "2017.02.01"]
[Round "4"]
[White "Pozo Vera,S"]
[Black "Feng,Maggie"]
[Result "1-0"]
[WhiteElo "2428"]
[BlackElo "2164"]

1. d4 d5 2. c4 dxc4 3. e3 e5 4. Bxc4 exd4 5. exd4 Bd6 6. Nf3 Nf6 7. Qe2+ Qe7
8. Qxe7+ Bxe7 9. O-O O-O 10. Re1 Bd6 11. Bg5 Nbd7 12. Nc3 c6 13. Bb3 h6 14.
Bh4 g5 15. Bg3 Bxg3 16. hxg3 Nb6 17. Re7 Nbd5 18. Nxd5 Nxd5 19. Bxd5 cxd5 20.
Rc1 b6 21. Rcc7 Be6 22. Rxa7 Rxa7 23. Rxa7 Rb8 24. a4 Kf8 25. b4 Ke8 26. Ne5
Rc8 27. b5 Rc1+ 28. Kh2 Rc2 29. a5 bxa5 30. b6 Bc8 31. Nxf7 Rc6 32. b7 Bxb7
33. Rxb7 Rf6 34. Ne5 Rxf2 35. Rb5 a4 36. Rxd5 a3 37. Ra5 a2 38. g4 Rf4 39.
Ra8+ Ke7 40. Ng6+ Kf6 41. Nxf4 gxf4 42. Rxa2 Kg5 43. Kh3 {#r} 1-0

[Event "Dutch League 2016-17"]
[Site "masterchessopen.com Netherlands NED"]
[Date "2017.02.04"]
[Round "6.1"]
[White "Werle,J"]
[Black "Kunin,V"]
[Result "0-1"]
[WhiteElo "2551"]
[BlackElo "2595"]

1. d4 d5 2. c4 dxc4 3. e4 e5 4. Nf3 exd4 5. Bxc4 Nc6 6. O-O Nf6 7. e5 Ne4 8.
Re1 Nc5 9. Bg5 Be7 10. Bxe7 Qxe7 11. Nxd4 Nxd4 12. Qxd4 Be6 13. Bxe6 Nxe6 14.
Qa4+ Qd7 15. Qxd7+ Kxd7 16. Nc3 Rhd8 17. Rad1+ Ke7 18. g3 Nd4 19. Kg2 b6 20.
f4 c5 21. Kf2 h6 22. Rd2 g5 23. Red1 gxf4 24. gxf4 f6 25. exf6+ Kxf6 26. Nb5
Rac8 27. a3 Rd7 28. Nxd4 cxd4 29. Kf3 Rcd8 30. Rc1 Re8 31. Rc6+ Kf5 32. Rd3
Rde7 33. Rxh6 Re3+ 34. Rxe3 Rxe3+ 35. Kf2 Rb3 36. Rh7 Rxb2+ 37. Ke1 Kxf4 38.
h4 a5 39. h5 Ke3 40. Re7+ Kd3 41. h6 Rh2 42. h7 b5 43. Rb7 b4 44. axb4 axb4
45. Rxb4 Rxh7 46. Ra4 Ke3 47. Kf1 d3 48. Ra8 Rf7+ {#R} 0-1

[Event "PRO League Pacific 2017"]
[Site "masterchessopen.com chess.com INT"]
[Date "2017.02.01"]
[Round "4"]
[White "Stopa,Ja"]
[Black "Erenburg,S"]
[Result "0-1"]
[WhiteElo "2479"]
[BlackElo "2570"]

1. d4 d5 2. c4 dxc4 3. Nf3 e6 4. Qa4+ c6 5. Qxc4 Nf6 6. Bg5 b5 7. Qc2 Bb7 8.
Nbd2 Nbd7 9. a4 Rc8 10. e3 Be7 11. Be2 b4 12. O-O c5 13. dxc5 Rxc5 14. Qd3 O-O
15. Rfd1 Qa8 16. Bh4 Rd8 17. Qb1 h6 18. a5 a6 19. Bf1 Bf8 20. Nd4 Rcc8 21. f3
e5 22. N4b3 Bd5 23. e4 Be6 24. Bf2 Nc5 25. Nxc5 Bxc5 26. Bxc5 Rxc5 27. b3 Qa7
28. Kh1 Rc3 29. Nc4 Rxd1 30. Qxd1 Nd7 31. Qd6 Qd4 32. Qxd4 exd4 33. Nb6 Nc5
34. Nd5 Nxb3 35. Rd1 Bxd5 36. exd5 Rc1 37. Rxc1 Nxc1 38. d6 Kf8 39. Bxa6 b3
40. d7 Ke7 {#R} 0-1

[Event "22nd HIT Open 2017"]
[Site "masterchessopen.com Nova Gorica SLO"]
[Date "2017.01.31"]
[Round "7.7"]
[White "Burmakin,V"]
[Black "Janzelj,Lara"]
[Result "1-0"]
[WhiteElo "2526"]
[BlackElo "2106"]

1. d4 d5 2. Nf3 Nf6 3. c4 c6 4. Qb3 dxc4 5. Qxc4 Bf5 6. g3 e6 7. Nc3 Nbd7 8.
Bg2 Be7 9. O-O h6 10. Qb3 Qb6 11. Nd2 O-O 12. e4 Bg6 13. Nc4 Qxb3 14. axb3 Bb4
15. f3 b5 16. Na5 Rac8 17. Be3 a6 18. Rfc1 c5 19. Nb7 cxd4 20. Bxd4 Rb8 21.
Na2 Be7 22. Na5 Rbc8 23. Nc6 Bd8 24. Nab4 a5 25. Nxd8 Rxc1+ 26. Rxc1 Rxd8 27.
Nc6 Ra8 28. Bf1 a4 29. Ra1 e5 30. Be3 Re8 31. bxa4 bxa4 32. Rxa4 Nb8 33. Bb5
Nxc6 34. Bxc6 Rb8 35. b4 {#r} 1-0

[Event "13th Moscow Open B w 2017"]
[Site "masterchessopen.com Moscow RUS"]
[Date "2017.02.03"]
[Round "7.3"]
[White "Shuvalova,Polina"]
[Black "Babiy,Olga"]
[Result "0-1"]
[WhiteElo "2387"]
[BlackElo "2315"]

1. d4 d5 2. c4 dxc4 3. Nf3 Nf6 4. e3 e6 5. Bxc4 c5 6. O-O a6 7. Bb3 Nc6 8. Qe2
Be7 9. Rd1 O-O 10. Nc3 Qc7 11. e4 Ng4 12. e5 cxd4 13. Nxd4 Nxd4 14. Rxd4 f5
15. h3 Qxe5 16. Qxe5 Nxe5 17. Na4 b5 18. Nc3 Kf7 19. Bf4 Nc6 20. Rd2 Na5 21.
Rad1 Nxb3 22. axb3 Bb7 23. Bd6 Rfd8 24. b4 Rac8 25. Bxe7 Rxd2 26. Rxd2 Kxe7
27. f3 Rc4 28. Na2 Bd5 29. Kf2 Rh4 {#R} 0-1